The southwest Pacific and the war. Lectures delivered under the auspices of the Committee on international relations on the Los Angeles campus of the University of California, spring 1943. (Record no. 68694)

000 -LEADER
fixed length control field 00557nam a22001577a 4500
003 - CONTROL NUMBER IDENTIFIER
control field NUST - PNEC
005 - DATE AND TIME OF LATEST TRANSACTION
control field 20170116181059.0
008 - FIXED-LENGTH DATA ELEMENTS--GENERAL INFORMATION
fixed length control field 151002b xxu||||| |||| 00| 0 eng d
020 ## - INTERNATIONAL STANDARD BOOK NUMBER
International Standard Book Number 0837174732
040 ## - CATALOGING SOURCE
Transcribing agency LIBRARY
082 ## - DEWEY DECIMAL CLASSIFICATION NUMBER
Classification number 940.539 SOU
245 ## - TITLE STATEMENT
Title The southwest Pacific and the war. Lectures delivered under the auspices of the Committee on international relations on the Los Angeles campus of the University of California, spring 1943.
260 ## - PUBLICATION, DISTRIBUTION, ETC.
Date of publication, distribution, etc. c.1974
650 ## - SUBJECT ADDED ENTRY--TOPICAL TERM
9 (RLIN) 12273
Topical term or geographic name entry element World War--(1939-1945)
General subdivision History, Geography
942 ## - ADDED ENTRY ELEMENTS (KOHA)
Source of classification or shelving scheme
Koha item type Book
Holdings
Withdrawn status Lost status Source of classification or shelving scheme Damaged status Not for loan Permanent Location Current Location Shelving location Date acquired Total Checkouts Full call number Barcode Date last seen Price effective from Koha item type
          Pakistan Navy Engineering College (PNEC) Pakistan Navy Engineering College (PNEC)       940.539 SOU PNECLIB-006362 10/02/2015   Book
© 2023 Central Library, National University of Sciences and Technology. All Rights Reserved.